Normal view
MARC view
Entry Topical Term
001 - CONTROL NUMBER
- control field: 48048
003 - CONTROL NUMBER IDENTIFIER
- control field: ARRUPE
005 - DATE AND TIME OF LATEST TRANSACTION
- control field: 20190904143030.0
008 - FIXED-LENGTH DATA ELEMENTS
- fixed length control field: 190904|| aca||aabn | a|a d
040 ## - CATALOGING SOURCE
- Original cataloging agency: ARRUPE
- Transcribing agency: ARRUPE
150 ## - HEADING--TOPICAL TERM
- Topical term or geographic name as entry element: Justice, Administration of
- Geographic subdivision: Zimbabwe
- General subdivision: History.
670 ## - SOURCE DATA FOUND
- Source citation: Work cat.: (ARRUPE)0: Karekwaivanane, George Hamandishe, 1980-, author. 48046, The struggle over state power in Zimbabwe :, 2017